000 00380nam a2200157Ia 4500
003 GCL
008 140319s9999 xx 000 0 eng d
040 _aGCL /
_cGCL
082 0 4 _a336.73
_bR P
100 1 _aROSEN, HARVEYS
245 1 0 _aPOBLIC FINANCE /
_cROSEN, HARVEYS
260 _a[S.N] :
_bIRWIN
650 0 4 _aUNITED STATES
650 0 4 _aFINANCE - PUBLIC
942 _2ddc
_cBK
999 _c10768
_d10768